Teaching and learning in the secondary school
Αποθηκεύτηκε σε:
| Άλλοι συγγραφείς: | , |
|---|---|
| Μορφή: | Βιβλίο |
| Γλώσσα: | English |
| Δημοσίευση: |
London :
Routledge,
1995
|
| Θέματα: | |
| Ετικέτες: |
Προσθήκη ετικέτας
Δεν υπάρχουν, Καταχωρήστε ετικέτα πρώτοι!
|
MARC
| LEADER | 00000nam a2200000 i 4500 | ||
|---|---|---|---|
| 001 | 1/91676 | ||
| 008 | 991029s1995 eng d | ||
| 020 | |a 0-415-10250-2 | ||
| 035 | |l 10053709 | ||
| 040 | |a GR-MY-UA |b gre |e aacr | ||
| 041 | 0 | |a eng | |
| 082 | 0 | |a 373.41 | |
| 245 | 1 | 0 | |a Teaching and learning in the secondary school / |c edited by Bob Moon and Ann Shelton Mayes |
| 260 | |a London : |b Routledge, |c 1995 | ||
| 300 | |a 386 p. | ||
| 650 | 0 | 0 | |a Education, Secondary |z Great Britain. |
| 650 | 0 | 0 | |a Education and state |z Great Britain. |
| 650 | 0 | 0 | |a School management and organization |z Great Britain. |
| 700 | 1 | |a Moon, Bob |d 1945- |4 edt | |
| 700 | 1 | |a Mayes, Ann Shelton |d 1953- |4 edt | |
| 852 | |a INST |b RHODES |e 19991029 |h 373.41 TEA |p 005400012069 |q 005400012069 |t BK |y 0 | ||
| 901 | |a BIBL4-1999-3 | ||
| 909 | |a Ρ |b 068170 | ||
| 922 | |a 4ΕΛΗ |b 19990830 |c ΚΠΣ/154 |d GLORY BOOKS | ||
| 970 | |z 1999/10/29 |a ΤΕΡΝΕΖΗΣ |b ΧΡΗΣΤΟΣ | ||